Ημερήσια και εποχιακή διακύμανση του ρυπαντικού φορτίου στα λύματα της Μυτιλήνης : πτυχιακή εργασία

Αποθηκεύτηκε σε:
Λεπτομέρειες βιβλιογραφικής εγγραφής
Κύριος συγγραφέας: Ζώρζου, Μαρουλία
Συγγραφή απο Οργανισμό/Αρχή: Πανεπιστήμιο Αιγαίου. Σχολή Περιβάλλοντος. Τμήμα Περιβάλλοντος
Άλλοι συγγραφείς: Αγγελίδης, Μιχάλης (Εισηγητής διατριβής)
Μορφή: Thesis Βιβλίο
Γλώσσα:Greek
Δημοσίευση: Μυτιλήνη : Πανεπιστήμιο Αιγαίου, Τμήμα Περιβάλλοντος, 1997
Θέματα:
Διαθέσιμο Online:http://hdl.handle.net/11610/10008
Ετικέτες: Προσθήκη ετικέτας
Δεν υπάρχουν, Καταχωρήστε ετικέτα πρώτοι!

MARC

LEADER 00000cam a2200000 i 4500
001 1/6326
008 000612s1997 gre d
035 |l 10061893 
040 |a GR-MY-UA  |b gre  |e aacr 
041 0 |a gre 
082 0 |a 628.3  |2 (22) 
100 1 |a Ζώρζου, Μαρουλία. 
245 1 0 |a Ημερήσια και εποχιακή διακύμανση του ρυπαντικού φορτίου στα λύματα της Μυτιλήνης :  |b πτυχιακή εργασία /  |c Ζώρζου Μαρουλία ; επιβλέπων καθηγητής: Μ. Αγγελίδης 
260 |a Μυτιλήνη :   |b Πανεπιστήμιο Αιγαίου, Τμήμα Περιβάλλοντος,   |c 1997 
300 |a 70 σ.;  |b πιν., σχ., χάρτες;  |c 30 εκ. 
500 |a Επιτροπή: Γιούργα Χριστίνα, Χατζόπουλος Ιωάννης 
502 |a Πτυχιακή εργασία – Πανεπιστήμιο Αιγαίου, Λέσβος, 1997. 
504 |a Περιέχει βιβλιογραφία 
650 0 0 |a Sewerage  |x Analysis. 
650 0 0 |a Sewage  |x Analysis. 
650 0 0 |a Sewerage  |z Greece  |z Mytilene (Lesbos) 
650 0 0 |a Sewage  |z Greece  |z Mytilene (Lesbos) 
650 0 0 |a Dissertations, Academic  |z Greece. 
700 1 |a Αγγελίδης, Μιχάλης.  |4 ths 
710 2 |a Πανεπιστήμιο Αιγαίου.   |b Σχολή Περιβάλλοντος.   |b Τμήμα Περιβάλλοντος. 
852 |a INST  |b LESVOS  |c DIATR  |e 20000612  |h 361  |p 005100025985  |q 005100025985  |t DIE  |y 23 
852 |a INST  |b LESVOS  |c DIATR  |e 20000612  |h 362  |p 005100025986  |q 005100025986  |t DIE  |y 23 
856 |u http://hdl.handle.net/11610/10008 
901 |a BIBL1-2000-2 
909 |a Λ  |b 080376 
909 |a Λ  |b 080377 
924 |a ΖΩΡΖΟΥ  |b ΜΑΡΟΥΛΙΑ  |y ΛΕΣΒΟΣ  |z 1997 
970 |a ΑΙΒΑΤΖΙΔΟΥ  |b ΕΛΕΝΗ  |z 2000/06/12